000 00763nam a22002055i 4500
001 171640
003 ES-MaACL
005 20230906214703.0
008 090525s1973 sp |||| | spa d
080 _a821.134.2 Aub, Max 1.06
100 1 _aSoldevila Durante, Ignacio.
_9140308
245 1 3 _aLa obra narrativa de Max Aub
_b: (1929-1969) /
_cIgnacio Soldevila Durante.
260 _aMadrid :
_bGredos,
_c[1973]
300 _a471 p. ;
_c21 cm.
490 1 _aBiblioteca Románica Hispánica. II. Estudios y Ensayos ;
_v189
600 1 7 _aAub, Max,
_d1903-1972-
_xCrítica e interpretación
_2
_9140309
830 0 _aBiblioteca Románica Hispánica. II. Estudios y Ensayos ;
_v189
_9178108
852 _aES-MaACL
_jC-54047
_9R.87009
999 _c171640
_d171640